000 00573nam a2200193Ia 4500
005 20250923145247.0
008 008 250917s9999 xx 000 0 eng d
037 _aTextual
040 _aDSWL
_beng
_cDSWL
041 _aeng
_2eng
084 _aY2p2, N71, N72;2
_qDSWL
245 0 _aIndian Family in the Change and Challenge Seventies
_cby Indian Social Institute.
260 _aDelhi
_b Sterling Pub. Pvt. Ltd.
_c1972
300 _axiii,267p.
365 _aINR
_b20
925 _g20
942 _cTEXL
_hY2p2, N71, N72;2
999 _c1449126
_d1449126